Word Search: Marvel Heroes - Statistics

General Stats
  • This quiz has been taken 500 times
  • The average score is 6 of 15
Answer Stats
Hint Answer % Correct
11 Hulk
76%
1 Daredevil
70%
7 Thor
70%
12 Iron Fist
53%
9 Deadpool
39%
8 Doctor Strange
39%
3 Cyclops
35%
15 Vision
35%
6 Falcon
31%
2 Thing
28%
4 Rogue
25%
10 Red Hulk
22%
5 Wasp
18%
14 Black Bolt
15%
13 Drax
12%
No matching quizzes found
Score Distribution
Percent of People with Each Score
Percentile by Number Answered
Your Score History
You have not taken this quiz